Solitary man (Record no. 71488)
[ view plain ]
| 000 -LEADER | |
|---|---|
| fixed length control field | 02972cgm a2200685Ka 4500 |
| 001 - CONTROL NUMBER | |
| control field | ocn642902934 |
| 003 - CONTROL NUMBER IDENTIFIER | |
| control field | OCoLC |
| 005 - DATE AND TIME OF LATEST TRANSACTION | |
| control field | 20241220125554.0 |
| 008 - FIXED-LENGTH DATA ELEMENTS--GENERAL INFORMATION | |
| fixed length control field | 100622p20102009cau090 vleng d |
| 007 - PHYSICAL DESCRIPTION FIXED FIELD--GENERAL INFORMATION | |
| fixed length control field | vd cvaizu |
| 040 ## - CATALOGING SOURCE | |
| Original cataloging agency | TEFMT |
| Transcribing agency | TEFMT |
| Modifying agency | TEF |
| -- | GK8 |
| -- | TEFMT |
| -- | UINTA |
| 024 10 - OTHER STANDARD IDENTIFIER | |
| Standard number or code | 013132154893 |
| 028 42 - PUBLISHER NUMBER | |
| Publisher number | ZAF21548 |
| Source | Anchor Bay Entertainment |
| 029 1# - (OCLC) | |
| OCLC library identifier | NZ1 |
| System control number | 13409542 |
| 035 ## - SYSTEM CONTROL NUMBER | |
| System control number | (OCoLC)642902934 |
| 037 ## - SOURCE OF ACQUISITION | |
| Source of stock number/acquisition | Midwest Tape |
| Note | http://www.midwesttapes.com |
| 041 1# - LANGUAGE CODE | |
| Language code of text/sound track or separate title | eng |
| -- | spa |
| -- | eng |
| Language code of original and/or intermediate translations of text | eng |
| 050 #4 - LIBRARY OF CONGRESS CALL NUMBER | |
| Classification number | PN1997.2 |
| Item number | .S65 2010 |
| 082 04 - DEWEY DECIMAL CLASSIFICATION NUMBER | |
| Classification number | 791.43/72 |
| Edition number | 22 |
| 049 ## - LOCAL HOLDINGS (OCLC) | |
| Holding library | UCLB |
| 092 ## - LOCALLY ASSIGNED DEWEY CALL NUMBER (OCLC) | |
| Classification number | 791.437 |
| 245 00 - TITLE STATEMENT | |
| Title | Solitary man |
| Medium | [videorecording] / |
| Statement of responsibility, etc | Anchor Bay Films and Millennium Films present a Nu Image production ; produced by Paul Schiff, Steven Soderbergh, Heidi Jo Markel, Dana Golumb ; written by Brian Koppelman ; directed by Brian Koppelman and David Levien. |
| 260 ## - PUBLICATION, DISTRIBUTION, ETC. (IMPRINT) | |
| Place of publication, distribution, etc | Beverly Hills, CA : |
| Name of publisher, distributor, etc | Anchor Bay Entertainment, |
| Date of publication, distribution, etc | [2010] |
| 300 ## - PHYSICAL DESCRIPTION | |
| Extent | 1 videodisc (90 min.) : |
| Other physical details | sd., col. ; |
| Dimensions | 4 3/4 in. |
| 538 ## - SYSTEM DETAILS NOTE | |
| System details note | DVD, widescreen (2.35:1) |
| 546 ## - LANGUAGE NOTE | |
| Language note | English dialogue; Spanish subtitles; English subtitles for the deaf and hard of hearing. |
| 511 1# - PARTICIPANT OR PERFORMER NOTE | |
| Participant or performer note | Danny Devito, Jenna Fischer, Jesse Eisenberg, Mary Louise Parker, Michael Douglas, Imogen Poots, Susan Sarandon. |
| 521 8# - TARGET AUDIENCE NOTE | |
| Target audience note | MPAA rating: R; for language and some sexual content. |
| 520 ## - SUMMARY, ETC. | |
| Summary, etc | Ben Kalmen, a fifty-something New Yorker, discovers that he is not the man he wanted to be. Through many business and romantic indiscretions he has lost his once successful car dealership. Now he must make the decision to face the challenges of his not so youthful life. |
| 650 #0 - SUBJECT ADDED ENTRY--TOPICAL TERM | |
| Topical term or geographic name as entry element | Automobile dealers |
| Form subdivision | Drama. |
| 9 (RLIN) | 5714518 |
| 650 #0 - SUBJECT ADDED ENTRY--TOPICAL TERM | |
| Topical term or geographic name as entry element | Middle-aged men |
| Form subdivision | Drama. |
| 9 (RLIN) | 6471538 |
| 650 #0 - SUBJECT ADDED ENTRY--TOPICAL TERM | |
| Topical term or geographic name as entry element | Adultery |
| Form subdivision | Drama. |
| 9 (RLIN) | 5691674 |
| 650 #0 - SUBJECT ADDED ENTRY--TOPICAL TERM | |
| Topical term or geographic name as entry element | Man-woman relationships |
| Form subdivision | Drama. |
| 9 (RLIN) | 5673977 |
| 655 #0 - INDEX TERM--GENRE/FORM | |
| Genre/form data or focus term | Feature films. |
| 9 (RLIN) | 6211751 |
| 655 #0 - INDEX TERM--GENRE/FORM | |
| Genre/form data or focus term | Comedy films. |
| 9 (RLIN) | 6211752 |
| 655 #0 - INDEX TERM--GENRE/FORM | |
| Genre/form data or focus term | Fiction films. |
| 9 (RLIN) | 6211753 |
| 655 #0 - INDEX TERM--GENRE/FORM | |
| Genre/form data or focus term | Video recordings for the hearing impaired. |
| 9 (RLIN) | 6211754 |
| 655 #7 - INDEX TERM--GENRE/FORM | |
| Genre/form data or focus term | Feature films. |
| Source of term | gsafd |
| 9 (RLIN) | 6211751 |
| 655 #7 - INDEX TERM--GENRE/FORM | |
| Genre/form data or focus term | Comedy films. |
| Source of term | gsafd |
| 9 (RLIN) | 6211752 |
| 700 1# - ADDED ENTRY--PERSONAL NAME | |
| Personal name | DeVito, Danny. |
| 9 (RLIN) | 26005 |
| 700 1# - ADDED ENTRY--PERSONAL NAME | |
| Personal name | Fischer, Jenna, |
| Dates associated with a name | 1974- |
| 9 (RLIN) | 74151 |
| 700 1# - ADDED ENTRY--PERSONAL NAME | |
| Personal name | Eisenberg, Jesse, |
| Dates associated with a name | 1983- |
| 9 (RLIN) | 69172 |
| 700 1# - ADDED ENTRY--PERSONAL NAME | |
| Personal name | Parker, Mary-Louise. |
| 9 (RLIN) | 62108 |
| 700 1# - ADDED ENTRY--PERSONAL NAME | |
| Personal name | Douglas, Michael, |
| Dates associated with a name | 1944- |
| 9 (RLIN) | 26002 |
| 700 1# - ADDED ENTRY--PERSONAL NAME | |
| Personal name | Poots, Imogen, |
| Dates associated with a name | 1989- |
| 9 (RLIN) | 5815449 |
| 700 1# - ADDED ENTRY--PERSONAL NAME | |
| Personal name | Sarandon, Susan, |
| Dates associated with a name | 1946- |
| 9 (RLIN) | 23755 |
| 700 1# - ADDED ENTRY--PERSONAL NAME | |
| Personal name | Schiff, Paul. |
| Relator code | pro |
| 9 (RLIN) | 34369 |
| 700 1# - ADDED ENTRY--PERSONAL NAME | |
| Personal name | Soderbergh, Steven, |
| Dates associated with a name | 1963- |
| Relator code | pro |
| 9 (RLIN) | 33389 |
| 700 1# - ADDED ENTRY--PERSONAL NAME | |
| Personal name | Markel, Heidi Jo. |
| Relator code | pro |
| 9 (RLIN) | 6183802 |
| 700 1# - ADDED ENTRY--PERSONAL NAME | |
| Personal name | Golumb, Dana. |
| Relator code | pro |
| 9 (RLIN) | 6211755 |
| 700 1# - ADDED ENTRY--PERSONAL NAME | |
| Personal name | Koppelman, Brian. |
| Relator code | aus |
| -- | drt |
| 9 (RLIN) | 47421 |
| 700 1# - ADDED ENTRY--PERSONAL NAME | |
| Personal name | Levien, David. |
| Relator code | drt |
| 9 (RLIN) | 47420 |
| 710 2# - ADDED ENTRY--CORPORATE NAME | |
| Corporate name or jurisdiction name as entry element | Anchor Bay Entertainment, Inc. |
| 9 (RLIN) | 62410 |
| 710 2# - ADDED ENTRY--CORPORATE NAME | |
| Corporate name or jurisdiction name as entry element | Anchor Bay Films. |
| 9 (RLIN) | 6206953 |
| 710 2# - ADDED ENTRY--CORPORATE NAME | |
| Corporate name or jurisdiction name as entry element | Millennium Films. |
| 9 (RLIN) | 67490 |
| 710 2# - ADDED ENTRY--CORPORATE NAME | |
| Corporate name or jurisdiction name as entry element | Nu Image (Firm) |
| 9 (RLIN) | 58817 |
| 942 ## - ADDED ENTRY ELEMENTS (KOHA) | |
| Koha item type | DVD |
| 994 ## - | |
| -- | C0 |
| -- | UINTA |
| 998 ## - LOCAL CONTROL INFORMATION (RLIN) | |
| -- | a136877 |
| Withdrawn status | Lost status | Source of classification or shelving scheme | Damaged status | Not for loan | Collection code | Home library | Current library | Shelving location | Date acquired | Source of acquisition | Cost, normal purchase price | Total Checkouts | Total Renewals | Full call number | Barcode | Date last seen | Date checked out | Cost, replacement price | Price effective from | Koha item type |
|---|---|---|---|---|---|---|---|---|---|---|---|---|---|---|---|---|---|---|---|---|
| Dewey Decimal Classification | Movies | Wasatch County Library | Wasatch County Library | Audio Visual Area | 03/04/2011 | Amazon | 15.95 | 59 | 3 | DVD Sol | 34301000981235 | 03/07/2024 | 04/06/2023 | 15.95 | 03/20/2020 | DVD |
